[Event "GBR-ch 93rd"]
[Site "Swansea"]
[Date "2006.08.07"]
[Round "1"]
[White "Thomas, Joseff"]
[Black "Britton, Richard"]
[Result "0-1"]
[WhiteElo "2029"]
[BlackElo "2288"]
[PlyCount "56"]
[EventDate "2006.08.07"]
[EventType "swiss"]
[EventRounds "11"]
[EventCountry "WLS"]
[SourceTitle "CBM 113 Extra"]
[Source "ChessBase"]
[SourceDate "2006.09.14"]
[SourceVersion "1"]
[SourceVersionDate "2006.09.14"]
[SourceQuality "1"]

1. e4 c5 2. d4 cxd4 3. c3 dxc3 4. Nxc3 Nc6 5. Nf3 d6 6. Bc4 a6 7. 0-0 Nf6 8. Qe2 Bg4 9. h3 Bxf3 10. Qxf3 Ne5 11. Qe2 Nxc4 12. Qxc4 e6 13. Rd1 Rc8 14. Qb3 Qc7 15. Bf4 Be7 16. Rac1 Qb8 17. Qa4+ Rc6 18. Ne2 b5 19. Qb4 Rxc1 20. Rxc1 0-0 21. Rd1 Rd8 22. Nd4 Qb7 23. Nb3 d5 24. Qd4 Nxe4 25. Na5 Qc8 26. b4 Bf6 27. Qb6 e5 28. Rc1 Nc3 0-1

[Event "South Wales op 3rd"]
[Site "Caerleon"]
[Date "2006.07.12"]
[Round "7.9"]
[White "Marusenko, Petr"]
[Black "Thomas, Joseff"]
[Result "1-0"]
[WhiteElo "2351"]
[BlackElo "1992"]
[PlyCount "107"]
[EventDate "2006.07.08"]
[EventType "swiss"]
[EventRounds "9"]
[EventCountry "WLS"]
[SourceTitle "CBM 113 Extra"]
[Source "ChessBase"]
[SourceDate "2006.09.14"]
[SourceVersion "1"]
[SourceVersionDate "2006.09.14"]
[SourceQuality "1"]

1. d4 Nf6 2. Nf3 g6 3. c3 Bg7 4. Bf4 d6 5. h3 0-0 6. e3 Nbd7 7. Bc4 c6 8. 0-0 b5 9. Bb3 Bb7 10. a4 a6 11. Na3 Qb6 12. Qe2 Ne4 13. Rfd1 d5 14. Nc2 e5 15. Nxe5 Nxe5 16. Bxe5 Bxe5 17. dxe5 Rae8 18. axb5 axb5 19. f4 f6 20. exf6 Rxf6 21. Nd4 c5 22. Qxb5 Rd8 23. Ra5 cxd4 24. Rxd4 Kg7 25. Kh2 Qxb5 26. Rxb5 Bc6 27. Rb6 Ba8 28. Rxf6 Nxf6 29. Ra4 Bc6 30. Ra6 Rb8 31. Bd1 Be8 32. Ra7+ Kg8 33. b4 Rc8 34. Ra6 Rc6 35. b5 Rxa6 36. bxa6 Nd7 37. Bg4 Nc5 38. a7 Bc6 39. Bf3 Ne4 40. Bxe4 dxe4 41. g4 Kf7 42. Kg3 Kf6 43. Kf2 Ke6 44. c4 Kd6 45. h4 Ke6 46. Ke2 Kd6 47. Kd2 Kc5 48. Kc3 Ba8 49. f5 gxf5 50. gxf5 h5 51. f6 Kd6 52. Kd4 Ke6 53. Kc5 Kxf6 54. Kd6 1-0

[Event "WLS-ch"]
[Site "Hensol Park"]
[Date "2006.04.15"]
[Round "2"]
[White "White, Ernest Michael"]
[Black "Thomas, Joseff"]
[Result "0-1"]
[WhiteElo "1995"]
[BlackElo "1992"]
[PlyCount "64"]
[EventDate "2006.04.14"]
[EventType "swiss"]
[EventRounds "7"]
[EventCountry "WLS"]
[SourceTitle "EXT 2007"]
[Source "ChessBase"]
[SourceDate "2006.11.23"]
[SourceVersion "1"]
[SourceVersionDate "2006.11.23"]
[SourceQuality "1"]

1. e4 e5 2. Nf3 Nc6 3. Bc4 Bc5 4. d3 d6 5. Nc3 Nf6 6. Na4 Bb6 7. c3 Qe7 8. Bb3 h6 9. Nxb6 axb6 10. a3 Be6 11. Bc2 0-0-0 12. Qe2 d5 13. b4 dxe4 14. dxe4 g5 15. a4 g4 16. Nd2 Nh5 17. g3 Kb8 18. a5 bxa5 19. b5 Na7 20. Rxa5 Qc5 21. c4 Qb4 22. Ra2 Qc3 23. 0-0 Nxb5 24. cxb5 Bxa2 25. Qxg4 Nf6 26. Qf5 Nh7 27. Ba4 Qb4 28. Bd1 Rxd2 29. Bxd2 Qxd2 30. b6 Qg5 31. bxc7+ Kxc7 32. Qxf7+ Bxf7 0-1

[Event "WLS-ch"]
[Site "Hensol Park"]
[Date "2006.04.14"]
[Round "1"]
[White "Thomas, Joseff"]
[Black "Spice, Alan"]
[Result "0-1"]
[WhiteElo "1992"]
[BlackElo "2216"]
[PlyCount "136"]
[EventDate "2006.04.14"]
[EventType "swiss"]
[EventRounds "7"]
[EventCountry "WLS"]
[SourceTitle "EXT 2007"]
[Source "ChessBase"]
[SourceDate "2006.11.23"]
[SourceVersion "1"]
[SourceVersionDate "2006.11.23"]
[SourceQuality "1"]

1. e4 e6 2. d4 d5 3. Be3 Nf6 4. Nd2 dxe4 5. f3 Nd5 6. Qe2 c5 7. dxc5 exf3 8. Ngxf3 Qa5 9. Bd4 Nc6 10. Qb5 Qxb5 11. Bxb5 Bd7 12. Ne4 Nxd4 13. Nxd4 0-0-0 14. 0-0-0 Ne3 15. Rd2 a6 16. c6 axb5 17. cxd7+ Rxd7 18. Nxb5 Rxd2 19. Kxd2 Nxg2 20. Rg1 Nh4 21. Rg3 Bb4+ 22. c3 Rd8+ 23. Kc2 Bf8 24. Ng5 Nf5 25. Rd3 Rxd3 26. Kxd3 Nd6 27. Nxd6+ Bxd6 28. h3 f5 29. Nxe6 g6 30. Ke3 Kd7 31. Ng5 h5 32. Nf3 Ke6 33. b4 Bf8 34. a4 Bh6+ 35. Ke2 g5 36. a5 g4 37. hxg4 fxg4 38. b5 Kd5 39. a6 bxa6 40. bxa6 Kc6 41. Ne5+ Kc7 42. Kf2 Bf4 43. Nd3 Bh2 44. Kg2 Bd6 45. c4 Kb8 46. c5 Be7 47. c6 Bd6 48. Nf2 Bc7 49. Ne4 Be5 50. Kh1 Bd4 51. Nd6 Bb6 52. Nc4 Ka7 53. Kg2 Bc7 54. Ne3 Kxa6 55. Nd5 Be5 56. Kh1 Ka7 57. Kg2 h4 58. c7 Kb7 59. Ne7 Kxc7 60. Ng6 Bg3 61. Ne7 Be5 62. Ng6 h3+ 63. Kh1 Kd6 64. Nh4 Ke6 65. Kg1 Kf6 66. Kf2 Kg5 67. Nf3+ gxf3 68. Kxf3 Kh4 0-1

[Event "BCF-ch Major 92nd"]
[Site "Douglas"]
[Date "2005.08.10"]
[Round "9"]
[White "Thomas, Joseff"]
[Black "Sugden, John N"]
[Result "0-1"]
[WhiteElo "2004"]
[BlackElo "2151"]
[PlyCount "67"]
[EventDate "2005.08.01"]
[EventType "swiss"]
[EventRounds "11"]
[EventCountry "ENG"]
[SourceTitle "EXT 2006"]
[Source "ChessBase"]
[SourceDate "2005.11.24"]
[SourceVersion "1"]
[SourceVersionDate "2005.11.24"]
[SourceQuality "1"]

1. e4 c6 2. d4 d5 3. f3 e6 4. Nc3 Nf6 5. e5 Nfd7 6. f4 c5 7. Nf3 Nc6 8. Bb5 Qb6 9. Bxc6 bxc6 10. Na4 Qa5+ 11. c3 cxd4 12. Nxd4 c5 13. Nf3 Ba6 14. b3 Be7 15. Bd2 Qc7 16. Nb2 f6 17. exf6 Bxf6 18. Kf2 0-0 19. Re1 e5 20. fxe5 Bxe5 21. Kg1 Bf6 22. Bg5 Bb7 23. Bxf6 Rxf6 24. Re7 Qd6 25. Qe2 d4 26. Nc4 Qd5 27. Rd1 Raf8 28. cxd4 Rxf3 29. Rxd7 Qxd7 30. Ne5 Rf1+ 31. Rxf1 Qxd4+ 32. Kh1 Rxf1+ 33. Qxf1 Qxe5 34. h3 0-1

[Event "BCF-ch U16"]
[Site "Douglas"]
[Date "2005.08.05"]
[Round "6.4"]
[White "Thomas, Joseff"]
[Black "Wells, Daniel J"]
[Result "1-0"]
[WhiteElo "2004"]
[BlackElo "1997"]
[PlyCount "111"]
[EventDate "2005.08.01"]
[EventType "swiss"]
[EventRounds "7"]
[EventCountry "ENG"]
[SourceTitle "EXT 2006"]
[Source "ChessBase"]
[SourceDate "2005.11.24"]
[SourceVersion "1"]
[SourceVersionDate "2005.11.24"]
[SourceQuality "1"]

1. d4 Nf6 2. Nc3 g6 3. e4 d6 4. Be3 Bg7 5. Qd2 0-0 6. Bh6 c5 7. d5 Nbd7 8. h4 Ne5 9. f3 a6 10. g4 b5 11. h5 b4 12. Nd1 Rb8 13. Be2 c4 14. Bxg7 Kxg7 15. h6+ Kg8 16. g5 Nh5 17. f4 Ng3 18. Rh4 Nxe2 19. Qxe2 Qb6 20. Nf2 Nd7 21. Qxc4 a5 22. Rd1 Ba6 23. Qd4 Qxd4 24. Rxd4 Rfc8 25. Kd1 a4 26. Rh3 Nc5 27. Re3 b3 28. axb3 axb3 29. c3 Rb5 30. Ne2 Ra5 31. Nc1 Rb8 32. Rb4 Rab5 33. Rxb5 Bxb5 34. Nfd3 Na4 35. Re2 Bc4 36. Rd2 Ra8 37. Nb4 Nc5 38. Rd4 Bf1 39. Nbd3 Nxd3 40. Nxd3 Ra1+ 41. Kd2 Rb1 42. Rb4 f5 43. gxf6 exf6 44. Rxb3 g5 45. fxg5 fxg5 46. Rb7 Bxd3 47. Kxd3 Rg1 48. Rg7+ Kf8 49. Rxh7 Kg8 50. Rd7 g4 51. Rxd6 g3 52. Rg6+ Kh7 53. Rg4 Kxh6 54. Ke2 Kh5 55. Kf3 Rf1+ 56. Kg2 1-0

[Event "WLS-ch"]
[Site "Cardiff"]
[Date "2005.03.27"]
[Round "4"]
[White "Bennett, Patrick"]
[Black "Thomas, Joseff"]
[Result "1-0"]
[WhiteElo "2108"]
[BlackElo "2040"]
[PlyCount "83"]
[EventDate "2005.03.25"]
[EventType "swiss"]
[EventRounds "7"]
[EventCountry "WLS"]
[SourceTitle "EXT 2006"]
[Source "ChessBase"]
[SourceDate "2005.11.24"]
[SourceVersion "1"]
[SourceVersionDate "2005.11.24"]
[SourceQuality "1"]

1. d4 Nf6 2. c4 g6 3. Nc3 Bg7 4. e4 d6 5. Nf3 0-0 6. Be2 e5 7. d5 Nbd7 8. 0-0 Ne8 9. g4 Nc5 10. Ne1 f5 11. gxf5 gxf5 12. Kh1 f4 13. b4 Na6 14. a3 Qh4 15. Nf3 Qh3 16. Bb2 Rf6 17. Rg1 Rh6 18. Rg2 Nf6 19. Qg1 Qd7 20. c5 Qe7 21. Ng5 Nb8 22. Rc1 Rh4 23. cxd6 cxd6 24. Nb5 Na6 25. Nxd6 Qxd6 26. Ne6 Bxe6 27. Rxg7+ Kh8 28. dxe6 Nxe4 29. Rd7 Nxf2+ 30. Qxf2 Qxe6 31. Qxh4 Qxd7 32. Bxe5+ Kg8 33. Bc4+ Kf8 34. Qf6+ Ke8 35. Qh8+ Ke7 36. Qxh7+ Ke8 37. Qh8+ Ke7 38. Bf6+ Kd6 39. Rd1+ Kc6 40. b5+ Kc5 41. Qh5+ Kxc4 42. Rxd7 1-0

[Event "WLS-ch"]
[Site "Cardiff"]
[Date "2005.03.26"]
[Round "3"]
[White "Thomas, Joseff"]
[Black "Morcom, Huw"]
[Result "1-0"]
[WhiteElo "2040"]
[BlackElo "1997"]
[PlyCount "81"]
[EventDate "2005.03.25"]
[EventType "swiss"]
[EventRounds "7"]
[EventCountry "WLS"]
[SourceTitle "EXT 2006"]
[Source "ChessBase"]
[SourceDate "2005.11.24"]
[SourceVersion "1"]
[SourceVersionDate "2005.11.24"]
[SourceQuality "1"]

1. e4 g6 2. d4 Bg7 3. Nc3 c5 4. Nf3 cxd4 5. Nxd4 d6 6. Be3 Nf6 7. Bc4 a6 8. 0-0 Qc7 9. Qe2 0-0 10. h3 b5 11. Bd5 Bb7 12. a3 Nbd7 13. Rad1 Rac8 14. Rd2 Nxd5 15. Nxd5 Bxd5 16. exd5 Nb6 17. c3 Nc4 18. Rd3 Nxe3 19. Qxe3 Rfe8 20. Re1 Qc5 21. Qe4 Bf6 22. Qf3 a5 23. Nc6 a4 24. Rde3 Rc7 25. Nb4 Qc4 26. Re4 Qb3 27. Qe2 Rc5 28. Qd2 Rec8 29. R1e2 Rc4 30. Nc6 Rxe4 31. Rxe4 Qa2 32. Nxe7+ Bxe7 33. Rxe7 Qb1+ 34. Kh2 Qf5 35. Qd4 Rb8 36. Rc7 Qc2 37. Qf4 Rf8 38. Qxd6 Qxf2 39. Qb4 Qe3 40. Re7 Qb6 41. d6 1-0

[Event "Agneaux St Lo U18 op"]
[Site "Agneaux"]
[Date "2004.07.12"]
[Round "5"]
[White "Alanic, Xavier"]
[Black "Thomas, Joseff"]
[Result "1-0"]
[WhiteElo "2201"]
[BlackElo "2075"]
[PlyCount "97"]
[EventDate "2004.07.08"]
[EventType "swiss"]
[EventRounds "9"]
[EventCountry "FRA"]
[SourceTitle "EXT 2005"]
[Source "ChessBase"]
[SourceDate "2004.11.15"]
[SourceVersion "1"]
[SourceVersionDate "2004.11.15"]
[SourceQuality "1"]

1. c4 g6 2. Nc3 Bg7 3. g3 e5 4. Bg2 Ne7 5. d3 0-0 6. h4 h5 7. e4 d6 8. Be3 Nd7 9. Qd2 Nf6 10. Bg5 c6 11. Nh3 Nh7 12. Bh6 a6 13. Bxg7 Kxg7 14. Ng5 Nxg5 15. hxg5 b5 16. 0-0-0 Qa5 17. Kb1 Be6 18. Bh3 Rab8 19. f4 bxc4 20. Bxe6 fxe6 21. dxc4 Rb7 22. Ka1 Qb4 23. Rh2 Nc8 24. fxe5 dxe5 25. g4 Nb6 26. b3 Rd7 27. Qb2 Rxd1+ 28. Nxd1 Qc5 29. gxh5 gxh5 30. Qe2 Qd4+ 31. Kb1 Rd8 32. Nb2 Qg1+ 33. Kc2 Qg4 34. Qxg4 hxg4 35. Rg2 Kg6 36. Rxg4 Kh5 37. Rg2 Nd7 38. Rd2 Kxg5 39. Na4 Kf4 40. Nb6 Nxb6 41. Rxd8 Kxe4 42. Rd6 Kf3 43. Rxe6 e4 44. Kd2 Nd7 45. Re7 Nc5 46. Rf7+ Kg4 47. Ke3 Ne6 48. Rf6 Ng7 49. Rg6+ 1-0